000 00638nam a22001937a 4500
005 20130923113216.0
010 _aENG-108221
020 _a9789380261768
_c650.00
035 _aEN-91754
037 _bDBAD/PUB
082 _a488.007
100 _aKharbamon, Tarun Kumari
245 1 0 _aTeaching and learning English :
_cby Tarun Kumari Kharbamon
_battitudes and perception /
260 _aGuwahati
_bEBH Publishers
_c2013
270 _a136, M.L. Nehru Road, Panbazar
_bGuwahati
_e781001
300 _aviii,182p.
_c22cm(Hb)
500 _aIncludes bibliographical references and index
942 _2ddc
_cEN
_mKHA
_h488.007
999 _c78164
_d78164